000
00218 a2200097 4500
001
30833
100
_a
Siddiqi, N
245
_a
Muhsin-e-Insaniat
260
_a
Lahore
_b
Islamic Publishers Ltd
_c
090
_c
20730
_d
20730
942
_a
NUST-CAE
_c
M
_c
11926
999
_c
265906
_d
265906